| 000 | 00600nam a22002177a 4500 | ||
|---|---|---|---|
| 003 | OSt | ||
| 005 | 20220107122744.0 | ||
| 008 | 140219b xxu||||| |||| 00| 0 eng d | ||
| 020 | _a9788126532032 | ||
| 040 | _cIIITM-K | ||
| 082 | _a658.15 PRA/F;1 | ||
| 100 |
_aPrasad, R.N _93091 |
||
| 245 |
_aFundamentals of business analytics _cby R.N Prasad; Seema Acharya |
||
| 260 |
_aNew Delhi, _bWiley, _c2011. |
||
| 300 | _axxii, 326p. | ||
| 650 |
_aMANAGEMENT _93092 |
||
| 650 |
_aBUSINESS ANALYTICS _93093 |
||
| 650 |
_aBUSINESS INTELLIGENCE _93094 |
||
| 700 |
_aAcharya, Seema _93095 |
||
| 942 |
_2ddc _cBK |
||
| 999 |
_c4084 _d4084 |
||